000 01377nam0a22002771 4500
001 rc\3971762
005 20130415121415.3
021 _aRU
_b[56-218]
035 _a(NLR Aleph) 008056527
090 _a8975466
_c8975466
100 _a20130415d1955 |||y0rusy50 ca
101 0 _arus
102 _aRU
105 _ay z |||||
200 1 _aИнструкция по применению классификации запасов к коренным месторождениям тантала, ниобия, циркония, гафния, бериллия, лития, цезия, рубидия, скандия и редких земель
_e[Утв. 22/IX 1955 г.]
_fГос. комис. по запасам полезных ископаемых при Совете Министров СССР
210 _aМосква
_cГосгеолтехиздат
_d1955
215 _a64 с.
_d22
300 _aНа обороте тит. л. сост.: Г.И. Петров
606 _aРедкие металлы
_xМесторождения
_xКлассификация запасов
_2psbo
702 1 _aПетров
_bГ. И.
_4220
712 0 1 _aСССР
_bКомиссия по запасам полезных ископаемых
_3RU\NLR\AUTH\8810101042
801 0 _aRU
_bNLR
_gpsbo
801 1 _aRU
_bELAR
_2rusmarc
852 _aNLR
_jГн02 Г-6/599
942 _cBOOK
980 _aNB